Normal view
MARC view
Entry Personal Name
001 - CONTROL NUMBER
- control field: 50359
003 - CONTROL NUMBER IDENTIFIER
- control field: ARRUPE
005 - DATE AND TIME OF LATEST TRANSACTION
- control field: 20211008094427.0
008 - FIXED-LENGTH DATA ELEMENTS
- fixed length control field: 211008|| aca||aabn | a|a d
040 ## - CATALOGING SOURCE
- Original cataloging agency: ARRUPE
- Transcribing agency: ARRUPE
100 ## - HEADING--PERSONAL NAME
- Personal name: Porter, A. N.
- Fuller form of name: (Andrew N.)
670 ## - SOURCE DATA FOUND
- Source citation: Work cat.: (ARRUPE)0: Porter, A. N. (Andrew N.), European imperialism, 1860-1914 /, c1994.